| 000 | 00690cab a2200253 4500 | ||
|---|---|---|---|
| 001 | ABS56000 | ||
| 008 | 090401t1996 xxu||||| |||| 00| 0 eng d | ||
| 035 | _a(Sirsi) u20345 | ||
| 041 | _aeng | ||
| 100 | _aHillier, M. | ||
| 245 | _aDoing the business | ||
| 260 | _c1996 | ||
| 350 | _a0 | ||
| 490 |
_aHousing Today _v(5) 17 October 1996, 15(1) |
||
| 520 | _aConsiders the feasibility of converting empty offices in cities into homes and difficulties that might be encountered. | ||
| 650 | _aCHANGE OF USE | ||
| 650 | _aCONVERSION | ||
| 650 | _aOFFICES TO HOMES | ||
| 650 | _aOFFICES | ||
| 650 | _aRESIDENTIAL USE | ||
| 690 | _aHOUSING | ||
| 942 | _n0 | ||
| 948 | _c04/03/1997 | ||
| 999 |
_c13631 _d13631 |
||